| 000 | 00600nam a22002297a 4500 | ||
|---|---|---|---|
| 003 | OSt | ||
| 005 | 20180116183002.0 | ||
| 008 | 150414b xxu||||| |||| 00| 0 eng d | ||
| 020 | _a9780070264342 | ||
| 022 | _a9780070264342 | ||
| 040 | _c0 | ||
| 050 | _a330 | ||
| 082 | _a330 | ||
| 100 | _aDr.Deepashree | ||
| 245 |
_aMCQs In Economics for CA Common Proficiency Test. _cDr.Deepashree |
||
| 260 |
_aNew Delhi _bTata McGraw-Hill Publishing Company Limited. _c2009 |
||
| 300 | _a27p. | ||
| 500 | _aPaper Cover | ||
| 600 | _aDr.Deepashree | ||
| 700 | _aDr.Deepashree | ||
| 942 |
_2ddc _cBK _k330 |
||
| 999 |
_c349913 _d349913 |
||